| 000 | 00652cam a2200193 i 4500 | ||
|---|---|---|---|
| 082 | 0 | 0 |
_a666.893 _bBAS _cD |
| 110 | 2 |
_aAsphalt Institute. _913616 |
|
| 245 | 1 | 2 | _aA basic asphalt emulsion manual. |
| 260 |
_a[College Park, Md.] : _bAsphalt Institute, _c1979. |
||
| 300 |
_axiv, 263 p. : _bill. ; _c28 cm. |
||
| 490 | 1 | _aManual series ; no. 19 | |
| 500 | _aIncludes index. | ||
| 526 |
_a0 _b0 _c0 _d666_893000000000000_BAS |
||
| 526 |
_a0 _b0 _c0 _d666_893000000000000_BAS |
||
| 650 | 0 |
_aAsphalt emulsion mixtures _xHandbooks, manuals, etc. _944896 |
|
| 650 | 0 |
_aMCE _9379 |
|
| 650 | 0 |
_aPavements, Asphalt _xHandbooks, manuals, etc. _941102 |
|
| 942 |
_2ddc _cBK |
||
| 999 |
_c548546 _d548546 |
||